000 00470 a2200133 4500
001 154605
040 _cEscola São Tomás de Aquino
100 _aLOPES, Sônia
240 1 0 _aBio - volume único
_lpor
245 1 0 _aBio - volume único
440 1 _aSaraiva
697 _aBIOLOGIA
942 _cBK
999 _c154605
_d154605